00517nam a2200193Ia 4500008004100000020001800041100002800059245001900087245002800106260001500134260002000149260000900169300001600178300002700194300001000221500006400231650002000295700000800315160803s9999 xx 000 0 und d a9780590637404 aHines, Anna Grossnickle aWhat Joe saw / cAnna Grossnickle Hines. aNew York : bScholastic Inc. c1994 a31 pages :  bcolor illustrations ;  c26 cm aOriginally published: New York : Greenwillow Books, ©1994. aNature stories. a230